<?xml version="1.0" encoding="UTF-8"?>
<collection xmlns="http://www.loc.gov/MARC21/slim">
 <record>
  <leader>01996nam a2200217 i 4500</leader>
  <controlfield tag="001">publ34834</controlfield>
  <controlfield tag="005">20241009101410.0</controlfield>
  <controlfield tag="008">241009s2024    hu      o     000   hun d</controlfield>
  <datafield tag="020" ind1=" " ind2=" ">
   <subfield code="a">9789636530464; 9789636530471; 9789636530488</subfield>
  </datafield>
  <datafield tag="024" ind1="7" ind2=" ">
   <subfield code="a">35051922</subfield>
   <subfield code="2">mtmt</subfield>
  </datafield>
  <datafield tag="040" ind1=" " ind2=" ">
   <subfield code="a">SZTE Publicatio Repozitórium</subfield>
   <subfield code="b">hun</subfield>
  </datafield>
  <datafield tag="041" ind1=" " ind2=" ">
   <subfield code="a">hun</subfield>
  </datafield>
  <datafield tag="100" ind1="1" ind2=" ">
   <subfield code="a">Magyarics Tamás</subfield>
  </datafield>
  <datafield tag="245" ind1="1" ind2="3">
   <subfield code="a">Az Amerikai Egyesült Államok politikai rendszere</subfield>
   <subfield code="h">[elektronikus dokumentum] /</subfield>
   <subfield code="c"> Magyarics Tamás</subfield>
  </datafield>
  <datafield tag="260" ind1=" " ind2=" ">
   <subfield code="a">Ludovika Egyetemi Kiadó</subfield>
   <subfield code="b">Budapest</subfield>
   <subfield code="c">2024</subfield>
  </datafield>
  <datafield tag="300" ind1=" " ind2=" ">
   <subfield code="a">256</subfield>
  </datafield>
  <datafield tag="520" ind1="3" ind2=" ">
   <subfield code="a">Kötetünk az Amerikai Egyesült Államok politikai rendszeréről, annak kereteiről és szerkezetéről, szabályairól és eljárásairól, valamint intézményeiről és szereplőiről kíván átfogó képet adni, s fő célkitűzése, hogy segítsen eligazodni a gyakorlatias, egyúttal tekintélyes hagyományokra és szövevényes kapcsolati hálókra épülő amerikai közéletben.  Éppen ezért ismerteti a politikai gondolkodás kezdetektől meghatározó elméleti kérdéseit, köztük a föderalizmus koncepcióját és dinamikáját, a szövetségi és tagállami kormányzatok működését, valamint az ideológiák jelentőségét. Bemutatja továbbá az amerikai államberendezkedés meghatározó szereplőit az elnöktől és a végrehajtó szervezetektől kezdve a Kongresszuson, pártokon és érdekcsoportokon át a Legfelsőbb Bíróságig, s betekintést nyújt az Amerikai Egyesült Államok külvilághoz fűződő viszonyába és a külpolitikai döntéshozatal mechanizmusaiba is.  Reméljük, hogy munkánk közelebb hozza a magyar olvasóhoz a Capitolium, a Fehér Ház és a főváros többi ikonikus épületének falai közt rejlő, színes és izgalmas világot.</subfield>
  </datafield>
  <datafield tag="650" ind1=" " ind2="4">
   <subfield code="a">Politikatudomány</subfield>
  </datafield>
  <datafield tag="700" ind1="0" ind2="1">
   <subfield code="a">Mártonffy Balázs</subfield>
   <subfield code="e">aut</subfield>
  </datafield>
  <datafield tag="700" ind1="0" ind2="1">
   <subfield code="a">Merkovity Norbert</subfield>
   <subfield code="e">aut</subfield>
  </datafield>
  <datafield tag="856" ind1="4" ind2="0">
   <subfield code="u">http://publicatio.bibl.u-szeged.hu/34834/1/IMPSzerk.---WEB-1189AzAmerikaiEgyesultAllamokpolitikairendszere.pdf</subfield>
   <subfield code="z">Dokumentum-elérés </subfield>
  </datafield>
 </record>
</collection>
